[Event "Capablanca Memorial op-A 48th"]
[Site "Havana"]
[Date "2013.04.25"]
[Round "5"]
[White "Aliaga Fernandez, Ingrid Yadira"]
[Black "Espinosa Garcia, Sandra"]
[Result "1/2-1/2"]
[WhiteElo "2184"]
[BlackElo "2089"]
[PlyCount "107"]
[EventDate "2013.04.21"]
[EventType "swiss"]
[EventRounds "10"]
[EventCountry "CUB"]
[SourceTitle "CBM 154 Extra"]
[Source "ChessBase"]
[SourceDate "2013.06.25"]
[SourceVersion "2"]
[SourceVersionDate "2013.06.25"]
[SourceQuality "1"]

1. e4 c5 2. Nf3 g6 3. c4 Nc6 4. d4 cxd4 5. Nxd4 Nf6 6. Nc3 d6 7. Be2 Nxd4 8. Qxd4 Bg7 9. Bg5 0-0 10. Qd2 Be6 11. f3 Qa5 12. Nd5 Qxd2+ 13. Kxd2 Bxd5 14. cxd5 h6 15. Be3 Rfc8 16. Rac1 Nd7 17. Rxc8+ Rxc8 18. Rc1 Rxc1 19. Kxc1 a6 20. Kc2 Kf8 21. b4 Ke8 22. b5 a5 23. b6 Kd8 24. Bb5 Nc5 25. Bxc5 dxc5 26. Kd3 Bd4 27. Kc4 g5 28. Ba4 f6 29. h3 h5 30. Bd1 h4 31. Ba4 Be3 32. Kb5 Kd7 33. Kxa5+ Kd6 34. Kb5 c4 35. Bc2 Bf2 36. a4 c3 37. a5 Kd7 38. Kc4 Kc8 39. Ba4 Kb8 40. Bc2 Kc8 41. e5 fxe5 42. Bf5+ Kb8 43. Kb5 Be3 44. a6 bxa6+ 45. Kxa6 Bf2 46. Be4 Be3 47. Kb5 Bf2 48. Kc6 Be3 49. b7 Bd4 50. Bg6 Be3 51. Bc2 Bd4 52. Be4 Be3 53. Kd7 Bc5 54. Kc6 1/2-1/2

[Event "Capablanca Memorial op-A 46th"]
[Site "Havana"]
[Date "2011.05.21"]
[Round "10"]
[White "Espinosa Garcia, Sandra"]
[Black "Sanchez Castillo, Sarai Carolina"]
[Result "1/2-1/2"]
[WhiteElo "2113"]
[BlackElo "2268"]
[PlyCount "21"]
[EventDate "2011.05.11"]
[EventType "swiss"]
[EventRounds "10"]
[EventCountry "CUB"]
[SourceTitle "CBM 142 Extra"]
[Source "ChessBase"]
[SourceDate "2011.06.27"]
[SourceVersion "1"]
[SourceVersionDate "2011.06.27"]
[SourceQuality "1"]

1. d4 d5 2. c4 c6 3. cxd5 cxd5 4. Nc3 Nc6 5. Bf4 Nf6 6. e3 a6 7. Bd3 e6 8. Rc1 Be7 9. h3 0-0 10. Nf3 Bd7 11. 0-0 1/2-1/2

[Event "Capablanca Memorial op-A 46th"]
[Site "Havana"]
[Date "2011.05.15"]
[Round "5"]
[White "Zavarce Sayago, Oscar Enrique"]
[Black "Espinosa Garcia, Sandra"]
[Result "1-0"]
[WhiteElo "2223"]
[BlackElo "2113"]
[PlyCount "43"]
[EventDate "2011.05.11"]
[EventType "swiss"]
[EventRounds "10"]
[EventCountry "CUB"]
[SourceTitle "CBM 142 Extra"]
[Source "ChessBase"]
[SourceDate "2011.06.27"]
[SourceVersion "1"]
[SourceVersionDate "2011.06.27"]
[SourceQuality "1"]

1. e4 c5 2. Nf3 Nc6 3. Bb5 g6 4. Bxc6 dxc6 5. d3 Bg7 6. h3 Nf6 7. Nc3 0-0 8. Be3 b6 9. Qd2 Re8 10. Bh6 Bh8 11. g4 e5 12. 0-0-0 b5 13. Kb1 Nd7 14. Rdg1 Nb6 15. h4 b4 16. Ne2 c4 17. h5 Ba6 18. Nc1 Na4 19. dxc4 Bxc4 20. Qxb4 Bb5 21. hxg6 fxg6 22. Qb3+ 1-0

[Event "Capablanca Memorial op 45th"]
[Site "Havana"]
[Date "2010.06.19"]
[Round "9"]
[White "Espinosa Garcia, Sandra"]
[Black "Hernandez Moya, Yuleisis"]
[Result "0-1"]
[WhiteElo "2134"]
[BlackElo "2181"]
[PlyCount "50"]
[EventDate "2010.06.10"]
[EventType "swiss"]
[EventRounds "10"]
[EventCountry "CUB"]
[SourceTitle "CBM 137 Extra"]
[Source "ChessBase"]
[SourceDate "2010.09.01"]
[SourceVersion "1"]
[SourceVersionDate "2010.09.01"]
[SourceQuality "1"]

1. d4 d5 2. c4 e6 3. cxd5 exd5 4. Nc3 c6 5. Bf4 Nf6 6. e3 Bf5 7. Nf3 Qb6 8. Qc1 Nbd7 9. h3 h6 10. Be2 Be7 11. 0-0 Ne4 12. Na4 Qa5 13. Bd1 g5 14. Bh2 h5 15. a3 g4 16. b4 Qa6 17. hxg4 hxg4 18. Nd2 c5 19. Bf4 Nxd2 20. Qxd2 Rh1+ 21. Kxh1 Qxf1+ 22. Kh2 Rd8 23. Kg3 Qh1 24. Be5 Qh4+ 25. Kf4 g3+ 0-1

[Event "Capablanca Memorial op 45th"]
[Site "Havana"]
[Date "2010.06.18"]
[Round "8"]
[White "Lebredo Zaragoitia, Gerardo"]
[Black "Espinosa Garcia, Sandra"]
[Result "1/2-1/2"]
[WhiteElo "2262"]
[BlackElo "2134"]
[PlyCount "47"]
[EventDate "2010.06.10"]
[EventType "swiss"]
[EventRounds "10"]
[EventCountry "CUB"]
[SourceTitle "CBM 137 Extra"]
[Source "ChessBase"]
[SourceDate "2010.09.01"]
[SourceVersion "1"]
[SourceVersionDate "2010.09.01"]
[SourceQuality "1"]

1. d4 Nf6 2. c4 g6 3. Nc3 Bg7 4. Nf3 0-0 5. Bg5 d6 6. e3 Na6 7. Be2 Qe8 8. Nd2 h6 9. Bh4 e5 10. d5 Nh7 11. e4 f5 12. f3 Nf6 13. Bf2 f4 14. Qb3 Nd7 15. Qa3 Rf7 16. b4 Bf8 17. Nb3 Rg7 18. Na5 g5 19. Nb5 Nf6 20. Qc3 c5 21. a3 Nd7 22. Nb3 b6 23. bxc5 bxc5 24. Na5 1/2-1/2

[Event "Havana Province-ch (Women)"]
[Site "Havana"]
[Date "2009.11.06"]
[Round "9"]
[White "Espinosa Garcia, Sandra"]
[Black "Cueto Rodriguez, Janed"]
[Result "1-0"]
[WhiteElo "2122"]
[BlackElo "2138"]
[PlyCount "122"]
[EventDate "2009.10.25"]
[EventType "tourn"]
[EventRounds "11"]
[EventCountry "CUB"]
[EventCategory "1"]
[SourceTitle "EXT 2012"]
[Source "ChessBase"]
[SourceDate "2011.11.24"]
[SourceVersion "1"]
[SourceVersionDate "2011.11.24"]
[SourceQuality "1"]

1. d4 f5 2. Nf3 Nf6 3. g3 e6 4. Bg2 Be7 5. 0-0 0-0 6. c4 d6 7. Nc3 Ne4 8. Qc2 Nxc3 9. Qxc3 Nd7 10. b4 Bf6 11. Bb2 e5 12. dxe5 Nxe5 13. Qb3 Kh8 14. Nd4 Qe8 15. e3 Bd7 16. c5 dxc5 17. bxc5 Rb8 18. Rac1 c6 19. Ba3 Qc8 20. Rfd1 Be8 21. Qc2 Bh5 22. Rd2 Rd8 23. Kh1 Bf7 24. Bb4 g6 25. Bc3 Kg7 26. Nf3 Nxf3 27. Bxf6+ Kxf6 28. Bxf3 Rxd2 29. Qxd2 Kg7 30. Qb2+ Kg8 31. a4 Qc7 32. Rd1 b6 33. Qf6 bxc5 34. Bxc6 Rc8 35. Bf3 c4 36. Qc3 Rb8 37. Rc1 a5 38. Qf6 Rc8 39. h4 c3 40. h5 c2 41. hxg6 hxg6 42. Kg2 Qc3 43. Qa6 Kg7 44. e4 Qc4 45. Qxa5 fxe4 46. Qe5+ Kg8 47. Qxe4 Qxe4 48. Bxe4 Bb3 49. a5 Kg7 50. a6 Rc7 51. Bb7 Rxb7 52. axb7 Bd5+ 53. f3 Bxb7 54. Rxc2 Bd5 55. Rc5 Be6 56. g4 Kf7 57. Kg3 Bb3 58. Kf4 Kf6 59. Rc6+ Kf7 60. Kg5 Ke7 61. Rxg6 Bd5 1-0

[Event "Havana Province-ch (Women)"]
[Site "Havana"]
[Date "2009.10.30"]
[Round "6"]
[White "Espinosa Garcia, Sandra"]
[Black "Romero Nunez, Wendy"]
[Result "0-1"]
[WhiteElo "2122"]
[BlackElo "2058"]
[PlyCount "78"]
[EventDate "2009.10.25"]
[EventType "tourn"]
[EventRounds "11"]
[EventCountry "CUB"]
[EventCategory "1"]
[SourceTitle "EXT 2012"]
[Source "ChessBase"]
[SourceDate "2011.11.24"]
[SourceVersion "1"]
[SourceVersionDate "2011.11.24"]
[SourceQuality "1"]

1. d4 d5 2. c4 c6 3. cxd5 cxd5 4. Nc3 Nf6 5. Bf4 e6 6. e3 a6 7. Nf3 Nc6 8. Bd3 Bd7 9. 0-0 Rc8 10. e4 Nb4 11. exd5 Nbxd5 12. Bg5 Nxc3 13. bxc3 Rxc3 14. d5 Be7 15. Bxf6 Bxf6 16. Rb1 0-0 17. Rxb7 Bc8 18. Rb3 Rxb3 19. axb3 Qxd5 20. Qc2 g6 21. Rd1 Qa8 22. Nd2 Bb7 23. Ne4 Bd4 24. Qe2 Rd8 25. Rc1 Bd5 26. b4 Rb8 27. Rb1 Rb6 28. h4 f5 29. Ng5 Bxg2 30. Nxe6 Bh1 31. Nf4 Bf6 32. Kh2 Bf3 33. Qe3 Rd6 34. Bc4+ Kg7 35. h5 Qe4 36. h6+ Kxh6 37. Re1 Be5 38. Kg3 g5 39. Qxe4 gxf4+ 0-1

[Event "Havana Province-ch (Women)"]
[Site "Havana"]
[Date "2009.10.25"]
[Round "1"]
[White "Catala Matienzo, Ivette"]
[Black "Espinosa Garcia, Sandra"]
[Result "0-1"]
[WhiteElo "2155"]
[BlackElo "2122"]
[PlyCount "160"]
[EventDate "2009.10.25"]
[EventType "tourn"]
[EventRounds "11"]
[EventCountry "CUB"]
[EventCategory "1"]
[SourceTitle "EXT 2012"]
[Source "ChessBase"]
[SourceDate "2011.11.24"]
[SourceVersion "1"]
[SourceVersionDate "2011.11.24"]
[SourceQuality "1"]

1. d4 Nf6 2. Nf3 g6 3. g3 Bg7 4. Bg2 0-0 5. 0-0 d6 6. Nc3 Nbd7 7. e4 e5 8. Re1 Re8 9. h3 exd4 10. Nxd4 Nc5 11. Nb3 Nfd7 12. Be3 a5 13. Qd2 a4 14. Nxc5 Nxc5 15. Rad1 Be6 16. a3 Qc8 17. Kh2 Nd7 18. f4 h5 19. Bd4 Bh6 20. Qf2 c5 21. Be3 Nb6 22. f5 Bxe3 23. Qxe3 Bxf5 24. Qh6 Be6 25. e5 d5 26. Bxd5 Bxd5 27. Rxd5 Nxd5 28. Nxd5 Re6 29. Nf6+ Rxf6 30. exf6 Qf8 31. Qxf8+ Kxf8 32. Re7 Ra6 33. Rxb7 Rxf6 34. Kg2 Rd6 35. Kf3 Rd2 36. c3 Kg7 37. Rb5 Kf6 38. h4 Ke6 39. Rxc5 Rxb2 40. Rc4 Rb3 41. Rxa4 Rxc3+ 42. Kf4 Rd3 43. Re4+ Kd6 44. Re3 Rd4+ 45. Kg5 Rd5+ 46. Kf6 Rf5+ 47. Kg7 g5 48. hxg5 Rxg5+ 49. Kxf7 Rg4 50. Re6+ Kd7 51. Rg6 Ra4 52. Rg7 h4 53. g4 h3 54. Kf6+ Kd6 55. Kg5 Ra5+ 56. Kf6 Rh5 57. gxh5 h2 58. h6 h1Q 59. Kg6 Qe4+ 60. Kf7 Qe6+ 61. Kf8 Qxh6 62. Kf7 Qe6+ 63. Kf8 Qf6+ 64. Kg8 Ke6 65. a4 Qd8+ 66. Kh7 Qd3+ 67. Kg8 Kf6 68. a5 Qd8+ 69. Kh7 Qxa5 70. Rg6+ Kf5 71. Rg7 Qd5 72. Kh8 Qe5 73. Kh7 Qe6 74. Kh8 Qh6+ 75. Kg8 Qe6+ 76. Kh8 Qe8+ 77. Rg8 Qh5+ 78. Kg7 Qg6+ 79. Kf8 Qf6+ 80. Ke8 Ke6 0-1

[Event "Medellin GP Feria de Flores"]
[Site "Medellin"]
[Date "2009.08.05"]
[Round "6.1"]
[White "Herrera, Milena"]
[Black "Espinosa Garcia, Sandra"]
[Result "1/2-1/2"]
[WhiteElo "2118"]
[BlackElo "2113"]
[PlyCount "51"]
[EventDate "2009.08.05"]
[EventType "swiss"]
[EventRounds "9"]
[EventCountry "COL"]
[SourceTitle "EXT 2024"]
[Source "ChessBase"]
[SourceDate "2023.10.10"]
[SourceVersion "1"]
[SourceVersionDate "2023.10.10"]
[SourceQuality "1"]

1. e4 c5 2. Nf3 Nc6 3. d4 cxd4 4. Nxd4 g6 5. c4 Bg7 6. Be3 Nf6 7. Nc3 Ng4 8. Qxg4 Nxd4 9. Qd1 Ne6 10. Rc1 Qa5 11. Be2 b6 12. Qd5 Qxd5 13. cxd5 Nc5 14. Bxc5 bxc5 15. Nb5 0-0 16. Rxc5 Bxb2 17. 0-0 Ba6 18. Rc2 Bf6 19. a4 Rab8 20. Rc7 Rb7 21. Rfc1 Rfb8 22. f4 d6 23. Kf1 Bxb5 24. Bxb5 Bd4 25. Rxb7 Rxb7 26. Rc6 1/2-1/2

[Event "Central America Carribean-ch U20 Girls"]
[Site "Medellin"]
[Date "2009.08.03"]
[Round "7"]
[White "Espinosa Garcia, Sandra"]
[Black "Martin Rosabal, Niuris"]
[Result "1-0"]
[WhiteElo "2113"]
[BlackElo "1986"]
[PlyCount "81"]
[EventDate "2009.07.30"]
[EventType "swiss"]
[EventRounds "9"]
[EventCountry "COL"]
[SourceTitle "CBM 131 Extra"]
[Source "ChessBase"]
[SourceDate "2009.09.03"]
[SourceVersion "2"]
[SourceVersionDate "2009.09.16"]
[SourceQuality "1"]

1. d4 d5 2. c4 c6 3. cxd5 cxd5 4. Nc3 Nf6 5. Nf3 Nc6 6. Bf4 Bf5 7. e3 e6 8. Bb5 Be7 9. h3 h6 10. Ne5 Qb6 11. 0-0 g5 12. Bh2 h5 13. Qb3 Rc8 14. Na4 Qd8 15. Nxc6 bxc6 16. Ba6 h4 17. Bxc8 Qxc8 18. Qb8 Qxb8 19. Bxb8 g4 20. Kh2 Bd3 21. Rfc1 Kd7 22. Be5 Bf5 23. b4 Rg8 24. b5 Bd6 25. Rxc6 Bxe5+ 26. dxe5 g3+ 27. fxg3 hxg3+ 28. Kg1 Ne4 29. Rac1 Rb8 30. Nc5+ Nxc5 31. R1xc5 Rb7 32. a4 Bd3 33. h4 Be2 34. h5 Bxh5 35. a5 Be2 36. b6 axb6 37. axb6 Ba6 38. Rd6+ Ke8 39. Ra5 Bd3 40. Ra8+ Ke7 41. Ra7 1-0

[Event "Central America Carribean-ch U20 Girls"]
[Site "Medellin"]
[Date "2009.07.31"]
[Round "3"]
[White "Espinosa Garcia, Sandra"]
[Black "Mencos, Claudia"]
[Result "1-0"]
[WhiteElo "2113"]
[BlackElo "1921"]
[PlyCount "67"]
[EventDate "2009.07.30"]
[EventType "swiss"]
[EventRounds "9"]
[EventCountry "COL"]
[SourceTitle "CBM 131 Extra"]
[Source "ChessBase"]
[SourceDate "2009.09.03"]
[SourceVersion "2"]
[SourceVersionDate "2009.09.16"]
[SourceQuality "1"]

1. d4 d5 2. Nf3 Nf6 3. e3 e6 4. b3 c5 5. Bb2 cxd4 6. exd4 Bb4+ 7. c3 Bd6 8. Bd3 0-0 9. 0-0 Nc6 10. Re1 Qc7 11. Na3 a6 12. c4 Re8 13. Ne5 Nxd4 14. Bxh7+ Nxh7 15. Qxd4 f6 16. Nf3 dxc4 17. Nxc4 Bc5 18. Qe4 Bd7 19. h4 Bc6 20. Qg4 e5 21. Ncxe5 fxe5 22. Qc4+ Qf7 23. Qxc5 Bxf3 24. gxf3 Rac8 25. Qe3 Qg6+ 26. Kf1 Qf5 27. Rac1 Rxc1 28. Rxc1 Qh3+ 29. Ke2 Qxh4 30. Qe4 Qe7 31. Qc4+ Kh8 32. Rh1 e4 33. f4 Qd7 34. Rg1 1-0

[Event "Capablanca Memorial op 44th"]
[Site "Havana"]
[Date "2009.06.14"]
[Round "6"]
[White "Espinosa Garcia, Sandra"]
[Black "Mencos, Claudia"]
[Result "1/2-1/2"]
[WhiteElo "2122"]
[BlackElo "1899"]
[PlyCount "160"]
[EventDate "2009.06.08"]
[EventType "swiss"]
[EventRounds "10"]
[EventCountry "CUB"]
[SourceTitle "CBM 130 Extra"]
[Source "ChessBase"]
[SourceDate "2009.07.02"]
[SourceVersion "2"]
[SourceVersionDate "2009.07.15"]
[SourceQuality "1"]

1. d4 d5 2. c4 c6 3. Nc3 dxc4 4. e3 b5 5. a4 b4 6. Na2 e6 7. Bxc4 Nf6 8. Nf3 Bb7 9. 0-0 Be7 10. Qe2 0-0 11. Bd2 a5 12. Nc1 Nbd7 13. Nb3 c5 14. Rac1 Nb6 15. Bb5 c4 16. Nc5 Bxf3 17. gxf3 Qd5 18. Bxc4 Nxc4 19. Rxc4 Bxc5 20. e4 Qd7 21. dxc5 Qxa4 22. e5 Nd5 23. Rh4 Ne7 24. Bg5 Nf5 25. Rg4 Rfc8 26. Bf6 g6 27. Rc1 Rc7 28. Qc4 Rac8 29. b3 Qc6 30. Qf4 Qd5 31. Rg5 Rxc5 32. Re1 Ng7 33. Qh4 Qxf3 34. Qh6 Ne8 35. Rg3 Qf5 36. Be7 Ng7 37. Bxc5 Rxc5 38. Rd1 Rc8 39. Qh4 Rf8 40. Qd4 Nh5 41. Rg4 Ng7 42. Ra1 Qc2 43. Qc4 Qb2 44. Rxa5 Nf5 45. Re4 Rd8 46. Rc5 Rd2 47. Rc8+ Kg7 48. Qxb4 Kh6 49. Rh4+ Nxh4 50. Qxh4+ Kg7 51. Qf6+ Kh6 52. Qf4+ Kg7 53. Rc4 Qa1+ 54. Kg2 Qa8+ 55. Kg3 Rd3+ 56. f3 Rxb3 57. Rc7 Qf8 58. Qc4 Qd8 59. h4 Qd5 60. Qf4 Rxf3+ 61. Qxf3 Qxe5+ 62. Qf4 Qxf4+ 63. Kxf4 Kf6 64. Rc5 h6 65. Ra5 Ke7 66. h5 Kf6 67. Kg4 Kg7 68. Ra7 Kf6 69. Rb7 Kg7 70. hxg6 Kxg6 71. Rb5 f6 72. Rb7 e5 73. Rb8 h5+ 74. Kg3 Kg5 75. Rh8 e4 76. Re8 h4+ 77. Kh3 f5 78. Re7 Kf4 79. Kxh4 e3 80. Kh3 Kf3 1/2-1/2

[Event "Capablanca Memorial op 44th"]
[Site "Havana"]
[Date "2009.06.09"]
[Round "2"]
[White "Miranda Mesa, Elier"]
[Black "Espinosa Garcia, Sandra"]
[Result "1-0"]
[WhiteElo "2321"]
[BlackElo "2122"]
[PlyCount "97"]
[EventDate "2009.06.08"]
[EventType "swiss"]
[EventRounds "10"]
[EventCountry "CUB"]
[SourceTitle "CBM 130 Extra"]
[Source "ChessBase"]
[SourceDate "2009.07.02"]
[SourceVersion "2"]
[SourceVersionDate "2009.07.15"]
[SourceQuality "1"]

1. e4 d5 2. exd5 Qxd5 3. Nc3 Qd6 4. d4 Nf6 5. Nf3 a6 6. a4 Nc6 7. Be2 Bf5 8. Be3 e6 9. 0-0 Be7 10. Qd2 0-0 11. Rfd1 Rfd8 12. h3 Nd5 13. Nxd5 exd5 14. Bf4 Qg6 15. Bxc7 Bxh3 16. Bg3 Bg4 17. Re1 Bxf3 18. Bxf3 h5 19. c3 h4 20. Bf4 Qf5 21. Bh2 Bg5 22. Qd1 Bf4 23. Bxf4 Qxf4 24. Qb3 Qd6 25. a5 Qd7 26. Re3 g5 27. Bxd5 Qxd5 28. Re8+ Kg7 29. Qxd5 Rxd5 30. Rxa8 Nxa5 31. Re1 Kf6 32. Rb8 Rd7 33. f3 Nc6 34. Rg8 Ne7 35. Rb8 Nc6 36. Ra8 a5 37. Kf2 Rd5 38. Ke3 Kf5 39. c4 Rxd4 40. Rxa5+ Kf6 41. Rb5 Rd7 42. Rd5 Rc7 43. b3 Nb4 44. Rd6+ Ke7 45. Red1 Na6 46. Rb6 Nb8 47. Rd5 Nc6 48. Rdb5 Nd8 49. Rxg5 1-0

[Event "Capablanca Memorial op 44th"]
[Site "Havana"]
[Date "2009.06.08"]
[Round "1"]
[White "Espinosa Garcia, Sandra"]
[Black "Alarcon Casellas, Rolando"]
[Result "0-1"]
[WhiteElo "2122"]
[BlackElo "2367"]
[PlyCount "122"]
[EventDate "2009.06.08"]
[EventType "swiss"]
[EventRounds "10"]
[EventCountry "CUB"]
[SourceTitle "CBM 130 Extra"]
[Source "ChessBase"]
[SourceDate "2009.07.02"]
[SourceVersion "2"]
[SourceVersionDate "2009.07.15"]
[SourceQuality "1"]

1. d4 d5 2. c4 c6 3. cxd5 cxd5 4. Nc3 Nc6 5. Bf4 e5 6. Bxe5 Nxe5 7. dxe5 d4 8. Ne4 Qb6 9. Nd2 Qxb2 10. Rb1 Qxa2 11. Ngf3 Bc5 12. Qb3 Qa5 13. Ng5 Nh6 14. e4 dxe3 15. Bb5+ Ke7 16. fxe3 Bf5 17. Ke2 Bxb1 18. Rxb1 Qa3 19. Qxa3 Bxa3 20. Nc4 Bc5 21. Ne4 b6 22. Nxc5 bxc5 23. Bc6 Rab8 24. Ra1 Rhc8 25. Rxa7+ Kf8 26. Bd5 Re8 27. Ra5 Ng4 28. Bc6 Re7 29. Rxc5 Rc7 30. h3 Rbc8 31. Na5 Nh6 32. g4 Ng8 33. Rb5 Ne7 34. Be4 Rc5 35. Rxc5 Rxc5 36. Nb7 Rxe5 37. Kf3 h6 38. h4 f6 39. Nd6 h5 40. gxh5 Rxh5 41. Kg4 Ra5 42. Kf3 Ra4 43. h5 Ra6 44. Nf5 Nxf5 45. Bxf5 Ra5 46. Ke4 Ke7 47. Kf4 Kd6 48. Ke4 Ra4+ 49. Kf3 Ke5 50. Bg6 f5 51. Be8 Ra3 52. Kf2 Rc3 53. Bg6 Ke4 54. Bh7 Rc2+ 55. Kg3 Re2 56. Kh4 Rxe3 57. Bg6 Kf4 58. Bf7 Re7 59. Bd5 Re8 60. Bf7 g5+ 61. Kh3 Re2 0-1